রসূলুল্লাহর বিপ্লবী জীবন / (Record no. 57397)
[ view plain ]
| 000 -LEADER | |
|---|---|
| fixed length control field | 01082nam a2200241 a 4500 |
| 001 - CONTROL NUMBER | |
| control field | 57397 |
| 003 - CONTROL NUMBER IDENTIFIER | |
| rucl marc code | BD-RjUL |
| 005 - DATE AND TIME OF LATEST TRANSACTION | |
| control field | 20211209080514.0 |
| 008 - FIXED-LENGTH DATA ELEMENTS--GENERAL INFORMATION | |
| fixed length control field | 161208s1975 bg ||||| |||| 00| 0 ben d |
| 020 ## - INTERNATIONAL STANDARD BOOK NUMBER | |
| Terms of availability | : TK 5.50 |
| 035 ## - SYSTEM CONTROL NUMBER | |
| System control number | (BD-RjUL)57521 |
| 040 ## - CATALOGING SOURCE | |
| Original cataloging agency | BD-RjUL |
| Language of cataloging | ben |
| Transcribing agency | BD-RjUL |
| 041 ## - LANGUAGE CODE | |
| Language code of text/sound track or separate title | ben |
| 082 ## - DEWEY DECIMAL CLASSIFICATION NUMBER | |
| Edition number | 23 |
| Classification number | 297.63092 |
| Author mark and year | HAR 1975 |
| 100 ## - MAIN ENTRY--PERSONAL NAME | |
| Personal name | হাই, আবু সলিম মুহাম্মদ আবদুল |
| 9 (RLIN) | 170463 |
| 245 10 - TITLE STATEMENT | |
| Title | রসূলুল্লাহর বিপ্লবী জীবন / |
| Statement of responsibility, etc. | আবু সলিম মুহাম্মদ আবদুল হাই; মুহাম্মদ হাবীবুর রহমান |
| 260 ## - PUBLICATION, DISTRIBUTION, ETC. (IMPRINT) | |
| Place of publication, distribution, etc. | ঢাকা : |
| Name of publisher, distributor, etc. | খোশরোজ কিতাব মহল, |
| Date of publication, distribution, etc. | ১৯৭৫ |
| 300 ## - PHYSICAL DESCRIPTION | |
| Pagination | ১৭৮ পৃ. ; |
| Size | ২১ সেমি. |
| 600 ## - SUBJECT ADDED ENTRY--PERSONAL NAME | |
| Personal name | মুহম্মদ, হযরত (সাঃ) |
| Dates associated with a name | ৫৭০-৬৩২ |
| Personal name | Muhammad, Hazarat (sm) |
| Dates associated with a name | 570-632 |
| 700 ## - ADDED ENTRY--PERSONAL NAME | |
| Personal name | রহমান, মুহাম্মদ হাবীবুর |
| 942 ## - ADDED ENTRY ELEMENTS (KOHA) | |
| Source of classification or shelving scheme | Dewey Decimal Classification |
| Koha item type | Books |
| Lost status | Source of classification or shelving scheme | Damaged status | Not for loan | Collection code | Permanent Location | Current Location | Shelving location | Date acquired | Source of acquisition | Cost, normal purchase price | Total Checkouts | Full call number | Date last seen | Copy number | Koha item type |
|---|---|---|---|---|---|---|---|---|---|---|---|---|---|---|---|
| Dewey Decimal Classification | Not For Loan | Non-fiction | Central Library, University of Rajshahi | Central Library, University of Rajshahi | Reading Room | 11/03/1976 | Boighor, Rajshahiu | 5.50 | B 297.63092 HAR 1975 | 08/12/2016 | C-1 | Books |